000 00791cam a2200229 i 4500
999 _c59816
_d59816
001 19577404
005 20230424122118.0
008 170330s2018 caua b 001 0 eng
020 _a9781473953338x
041 _aeng
080 _a616.97+159.9 G-34
100 _aGeldard, Kathryn
_917754
245 1 0 _aCounselling children :
_ba practical introduction /
_cKathryn Geldard, David Geldard, and Rebecca Yin Foo.
250 _a5th edition.
264 1 _aLos Angeles :
_bSAGE,
_c2018.
300 _a370 pages :
_billustrations ;
_c25 cm.
653 _aსაბავშვო ფსიქოთერაპია
653 _aმედიცინა
700 1 _aGeldard, David
_eავტორი
_917752
700 1 _aFoo, Rebecca Yin
_eავტორი
_917753
942 _2udc
_cBK